[Event "SM-2022-0-00460"]
[Site "LSS email"]
[Date "2022.01.24"]
[Round "?"]
[White "Nemec, Zdenek"]
[Black "Johansson, Krister"]
[Result "1/2-1/2"]
[WhiteElo "2292"]
[BlackElo "2302"]
[PlyCount "59"]
[EventDate "2021.12.28"]
[EventType "tourn (corr)"]
[EventRounds "6"]
[EventCountry "GER"]
[SourceTitle "Corr 2024"]
[Source "ChessBase"]
[SourceDate "2023.10.19"]
[SourceVersion "1"]
[SourceVersionDate "2023.10.19"]
[SourceQuality "1"]

1. b4 e5 2. Bb2 Bxb4 3. Bxe5 Nf6 4. c3 Be7 5. g3 c5 6. e3 Nc6 7. Bxf6 Bxf6 8. Ne2 d5 9. d4 Bg4 10. Bg2 0-0 11. a3 Qd7 12. Ra2 Rac8 13. h3 Bf5 14. g4 Be6 15. Nf4 Ne7 16. Nd2 Ng6 17. Nxg6 hxg6 18. a4 cxd4 19. cxd4 Rc3 20. 0-0 Rfc8 21. Nf3 Be7 22. a5 g5 23. Qd2 f6 24. Rfa1 Bf7 25. Nh2 Bd6 26. Nf1 Kf8 27. Rb2 Qc6 28. Qd1 Bg6 29. Rb3 Rc4 30. Qe2 1/2-1/2

[Event "SM-2022-0-00460"]
[Site "LSS email"]
[Date "2022.01.24"]
[Round "?"]
[White "Nemec, Zdenek"]
[Black "Kazimierski, Tomasz"]
[Result "1/2-1/2"]
[WhiteElo "2292"]
[BlackElo "2166"]
[PlyCount "33"]
[EventDate "2021.12.28"]
[EventType "tourn (corr)"]
[EventRounds "6"]
[EventCountry "GER"]
[SourceTitle "Corr 2024"]
[Source "ChessBase"]
[SourceDate "2023.10.19"]
[SourceVersion "1"]
[SourceVersionDate "2023.10.19"]
[SourceQuality "1"]

1. b4 d5 2. Bb2 Nf6 3. Nf3 e5 4. Nxe5 Bxb4 5. e3 Nbd7 6. c4 Nxe5 7. Bxe5 Qe7 8. Bc3 c6 9. Bxb4 Qxb4 10. Qb3 a5 11. Nc3 Be6 12. cxd5 Nxd5 13. Bc4 Qxb3 14. Bxb3 Nxc3 15. Bxe6 fxe6 16. dxc3 Ke7 17. Ke2 1/2-1/2